Những điều nên tránh trong cuộc sống nam giới

Zapisane w:
Opis bibliograficzny
1. autor: Dao Kiến
Format: Książka
Język:Undetermined
Wydane: Tp. HCM Phụ Nữ 2000
Hasła przedmiotowe:
Etykiety: Dodaj etykietę
Nie ma etykietki, Dołącz pierwszą etykiete!
Thư viện lưu trữ: Trung tâm Học liệu Trường Đại học Cần Thơ
LEADER 00583nam a2200193Ia 4500
001 CTU_37894
008 210402s9999 xx 000 0 und d
020 |b 24.000đ 
082 |a 613.042 
082 |b K305m 
100 |a Dao Kiến 
245 0 |a Những điều nên tránh trong cuộc sống nam giới 
245 0 |c Dao Kiến 
260 |a Tp. HCM 
260 |b Phụ Nữ 
260 |c 2000 
650 |a health education,primary health care,women - health and hygiene 
904 |i Minh, 001005 
980 |a Trung tâm Học liệu Trường Đại học Cần Thơ